000 00676nam a2200193 4500
008 171215b xxu||||| |||| 00| 0 eng d
020 _a9715740669
082 _22002
_aDFil 301
_bC93
100 _925269
_aRonquillo, Adelaida A., author.
245 _aCurrent issues /
_cAdelaida A. Ronquillo ... [et al.].
250 _aThird edition.
260 _aQuezon City :
_bKatha Publishing Co., Inc.
_c©2002.
300 _axii, 210 pages :
_c26 cm.
500 _aIncludes bibliographical references and index.
650 0 _925270
_aSociety
_xSocial issues
700 _925271
_aFontanilla, Ofelia L., author.
700 _925272
_aPeralta, Ana Maria R., author.
942 _2ddc
_cDFIL
999 _c8167
_d8167